Góp phần tìm hiểu phong trào nông dân Tây Sơn Nguyễn Huệ
שמור ב:
| פורמט: | ספר |
|---|---|
| שפה: | Undetermined |
| יצא לאור: |
Nghĩa Bình
Sở VHTT
1983
|
| נושאים: | |
| תגים: |
הוספת תג
אין תגיות, היה/י הראשונ/ה לתייג את הרשומה!
|
| Thư viện lưu trữ: | Trung tâm Học liệu Trường Đại học Cần Thơ |
|---|
| LEADER | 00456nam a2200145Ia 4500 | ||
|---|---|---|---|
| 001 | CTU_10877 | ||
| 008 | 210402s9999 xx 000 0 und d | ||
| 082 | |a 959.7 | ||
| 082 | |b G434 | ||
| 245 | 0 | |a Góp phần tìm hiểu phong trào nông dân Tây Sơn Nguyễn Huệ | |
| 260 | |a Nghĩa Bình | ||
| 260 | |b Sở VHTT | ||
| 260 | |c 1983 | ||
| 650 | |a vietnam - history - 1418-1428 | ||
| 980 | |a Trung tâm Học liệu Trường Đại học Cần Thơ | ||